000 01001nam a2200253 4500
001 84723
003 SpMaBN
005 20250814053515.0
008 210903s1982 sp 001 0dspa
020 _a84-300-7232-2
080 _a982"1982":133.528.7
080 _a1 Nostradamus
100 1 _aFulcan, A. G.
_9173695
245 1 0 _aMalvinas, una guerra inevitable ;
_b(Nostradamus, profeta del Acuario) /
_cA.G. Fulcan.
260 _aMadrid :
_bEscuela de Estudios Esotéricos,
_c[1982]
300 _a125 p. ;
_c20 cm.
505 8 _aContiene: Nostradamus ; Las Malvinas ; Las Centurias y el Acuario ; La Escuela de Estudios Esotéricos: resumen del documento fundacional
600 0 4 _aNostradamus (
_d1503-1566)
_9166884
650 4 _aGuerra de las Malvinas, 1982.
_9173696
650 7 _aProfecías (Ocultismo)
_2embne
_9166883
852 4 _aES-MaACL
_jA-14786
_987838
_bR.152277
_cDEPO1
_dOlim: N-7786
_hDonación: Sección Pensamiento Marginal
942 _2udc
999 _c84723
_d84723